Diseño de engranes rectos y helicoidales mediante un programa de computadora

Պահպանված է:
Մատենագիտական մանրամասներ
Հիմնական հեղինակ: Rodríguez Chacón, Alonso
Ձևաչափ: Գիրք
Հրապարակվել է: San José, C.R. 1997
Խորագրեր:
Ցուցիչներ: Ավելացրեք ցուցիչ
Չկան պիտակներ, Եղեք առաջինը, ով նշում է այս գրառումը!

MARC

LEADER 00000nam a2200000Ia 4500
003 008167
005 20221231144232.0
008 140114s1997 cr a m 000 ||s d
040 |c cru CEDI 
090 |a TFG 3633 
100 |a Rodríguez Chacón, Alonso  |9 9544 
245 |a Diseño de engranes rectos y helicoidales mediante un programa de computadora 
260 |c 1997  |a  San José, C.R. 
300 |a xi, 163 hojas : ilustraciones  
500 |a  Tesis (licenciatura en ingeniería mecánica)--Universidad de Costa Rica. Facultad de Ingeniería. Escuela de Ingeniería Mecánica 
650 |x ENGRANAJES - PROGRAMAS PARA COMPUTADORA  |9 9545 
942 |c TFG 
999 |c 18863  |d 18863